000
00310nam a2200133Ia 4500
005
20251222144734.0
008
251222s9999||||xx |||||||||||||| ||spa||
020
_a
0-673-12495-9
082
_a
428/S3P/Ej.2
100
_a
Foresma, Scott
245
0
_a
My Pictionary:
264
_b
Scott Foresman
942
_c
LIB
999
_c
18701
_d
18701